000 00367nam a22001577a 4500
020 _a978-81-265-5190-3
041 _aENG
100 _aGoodrich
245 _aData Structures & Algorithms In Java
250 _a6th Edition
260 _aIndia
_bWiley Student Edition
_c2018
300 _a699
650 _aComputer
700 _aRoberto Tamassia
856 _uComputer
999 _c25
_d25